La vente et ses techniques pratiques (Record no. 56583)

MARC details
000 -LEADER
fixed length control field 00587nam a22001937a 4500
005 - DATE AND TIME OF LATEST TRANSACTION
control field 20170712110201.0
008 - FIXED-LENGTH DATA ELEMENTS--GENERAL INFORMATION
fixed length control field 170712b xxu||||| |||| 00| 0 eng d
020 ## - INTERNATIONAL STANDARD BOOK NUMBER
International Standard Book Number 978-2-8041-0706-2
040 ## - CATALOGING SOURCE
Original cataloging agency BUAC
Transcribing agency BUC
100 ## - MAIN ENTRY--PERSONAL NAME
Personal name Joly, Bruno
245 ## - TITLE STATEMENT
Title La vente et ses techniques pratiques
Statement of responsibility, etc / par Bruno Joly
260 ## - PUBLICATION, DISTRIBUTION, ETC. (IMPRINT)
Place of publication, distribution, etc Bruxelles :
Name of publisher, distributor, etc De Boeck,
Date of publication, distribution, etc 2010
300 ## - PHYSICAL DESCRIPTION
Extent 109 p.
Other physical details couv. en coul. ;
Dimensions 19 cm
440 ## - SERIES STATEMENT/ADDED ENTRY--TITLE
Title ( Le point sur...)
500 ## - GENERAL NOTE
General note Glossaire pp.(93-94)<br/>Bibliogr. p. 95<br/>Index p .103
630 ## - SUBJECT ADDED ENTRY--UNIFORM TITLE
Uniform title SCIENCES APPLIQUEES
650 ## - SUBJECT ADDED ENTRY--TOPICAL TERM
Topical term or geographic name as entry element marketing
9 (RLIN) 19825
942 ## - ADDED ENTRY ELEMENTS (KOHA)
Item type Libre Accès
Holdings
Withdrawn status Lost status Damaged status Not for loan Location (home branch) Sublocation or collection (holding branch) Date acquired Source of acquisition Coded location qualifier Koha issues (times borrowed) Koha full call number Piece designation (barcode) Koha date last seen Copy number Price effective from Koha item type Shelving location
        Bibliothèque Universitaire Centrale Bibliothèque Universitaire Centrale 12/07/2017 Don ARES 17/020   658.8JOL 17-020Buc 12/07/2017 01 12/07/2017 Libre Accès  
        Bibliothèque Universitaire Centrale Bibliothèque Universitaire Centrale 15/03/2019 DON ARES 18/229   658.8 JOL 18-229 Buc 15/03/2019 02 15/03/2019 Libre Accès  


© 2008, Bibliothèques de l'Université d'Abomey-Calavi

04 BP 789 Cotonou, Tél. : +229 21 36 01 01, Fax : +229 21 35 06 32

Courriel : bu@bu.uac.bj